00577nam a2200145Ia 4500008004100000024005200041082001900093100005400112245005400166260002500220600002100245650003800266952011000304999001700414250506s9999 xx 000 0 und d a05B-54-BS, 05B-51-BS, 05B-15-BS & 05B-38-BS a005.133072 SAA aSaad Arshad, Aohaib Ahmed, Saqib Mumtaz & Zeeshan 0aWeb-Based Management System for Arena Multi Media aKarachi:bUIT,c2005 aComputer Science aBachelor of Computer Science (BS) 001040708PR-CSaUITUbUITUd2022-07-26l0o005.133072 SAApBS-269r2025-05-06 11:34:02w2025-05-06yPR c27484d27484